Reading Karl Barth for the Church : (Record no. 10379)
[ view plain ]
| 000 -LEADER | |
|---|---|
| fixed length control field | 01676cam a2200313 i 4500 |
| 001 - CONTROL NUMBER | |
| control field | 1056477355 |
| 003 - CONTROL NUMBER IDENTIFIER | |
| control field | OCoLC |
| 005 - DATE AND TIME OF LATEST TRANSACTION | |
| control field | 20241126110731.0 |
| 008 - FIXED-LENGTH DATA ELEMENTS--GENERAL INFORMATION | |
| fixed length control field | 180918s2019 miu b 001 0 eng |
| 010 ## - | |
| -- | 2018043171 |
| 020 ## - INTERNATIONAL STANDARD BOOK NUMBER | |
| International Standard Book Number | 9780801097584 |
| Qualifying information | paperback |
| -- | alkaline paper |
| 020 ## - INTERNATIONAL STANDARD BOOK NUMBER | |
| International Standard Book Number | 0801097584 |
| Qualifying information | paperback |
| -- | alkaline paper |
| 020 ## - INTERNATIONAL STANDARD BOOK NUMBER | |
| International Standard Book Number | 9781540962096 |
| Qualifying information | (casebound) |
| 020 ## - INTERNATIONAL STANDARD BOOK NUMBER | |
| International Standard Book Number | 1540962091 |
| Qualifying information | (casebound) |
| 035 ## - SYSTEM CONTROL NUMBER | |
| System control number | (OCoLC)1056477355 |
| 040 ## - CATALOGING SOURCE | |
| Original cataloging agency | DLC |
| Language of cataloging | eng |
| Description conventions | rda |
| Transcribing agency | DLC |
| Modifying agency | BDX |
| -- | OCLCF |
| -- | OCLCO |
| -- | BCT |
| -- | YDX |
| -- | PTS |
| -- | ICW |
| 042 ## - | |
| -- | pcc |
| 082 ## - DEWEY DECIMAL CLASSIFICATION NUMBER | |
| Classification number | 230.044 |
| Item number | BEN |
| 092 ## - LOCALLY ASSIGNED DEWEY CALL NUMBER (OCLC) | |
| Classification number | 230.044 |
| Item number | B284B |
| 100 1# - MAIN ENTRY--PERSONAL NAME | |
| Personal name | Bender, Kimlyn J., |
| Dates associated with a name | 1969- |
| Relator term | author |
| 9 (RLIN) | 18031 |
| 245 10 - TITLE STATEMENT | |
| Title | Reading Karl Barth for the Church : |
| Remainder of title | a guide and companion / |
| Statement of responsibility, etc. | Kimlyn J. Bender |
| 264 #1 - PRODUCTION, PUBLICATION, DISTRIBUTION, MANUFACTURE, AND COPYRIGHT NOTICE | |
| Place of production, publication, distribution, manufacture | Grand Rapids, MI : |
| Name of producer, publisher, distributor, manufacturer | Baker Academic, |
| Date of production, publication, distribution, manufacture, or copyright notice | [2019] |
| 300 ## - PHYSICAL DESCRIPTION | |
| Extent | xxii, 307 pages ; |
| Dimensions | 23 cm |
| 504 ## - BIBLIOGRAPHY, ETC. NOTE | |
| Bibliography, etc. note | Includes bibliographical references and indexes |
| 520 ## - SUMMARY, ETC. | |
| Summary, etc. | Leading Barth interpreter Kimlyn Bender provides an introduction to the essence of Barth's theology, emphasizing themes that speak to the concerns of the church, the pastorate, and Christian ministry. This book serves as a companion to the first volume of Barth's Church Dogmatics, offering straightforward help for reading and understanding that work in its entirety as well as developing the skills necessary to read more of Barth's writings. Reading schedules (for both the first volume and the complete Church Dogmatics) and discussion questions for individuals and groups are included. |
| Assigning source | --From publisher's description |
| 600 10 - SUBJECT ADDED ENTRY--PERSONAL NAME | |
| Personal name | Barth, Karl, |
| Dates associated with a name | 1886-1968. |
| Title of a work | Kirchliche Dogmatik |
| 9 (RLIN) | 18032 |
| 650 #0 - SUBJECT ADDED ENTRY--TOPICAL TERM | |
| Topical term or geographic name entry element | Theology, Doctrinal |
| 9 (RLIN) | 14 |
| 942 ## - ADDED ENTRY ELEMENTS (KOHA) | |
| Source of classification or shelving scheme | Dewey Decimal Classification |
| Koha item type | Books |
| Withdrawn status | Lost status | Source of classification or shelving scheme | Damaged status | Not for loan | Home library | Current Library | Shelving location | Date acquired | Total checkouts | Full call number | Barcode | Date last seen | Date last checked out | Copy number | Price effective from | Koha item type |
|---|---|---|---|---|---|---|---|---|---|---|---|---|---|---|---|---|
| Dewey Decimal Classification | GRACE BIBLE COLLEGE | GRACE BIBLE COLLEGE | Theology | 2024-07-08 | 1 | 230.044 BEN | 020751 | 2025-08-19 | 2025-08-18 | c.1 | 2024-07-08 | Books |